| 000 | 00485nam a2200157 a 4500 | ||
|---|---|---|---|
| 001 | 000031255 | ||
| 005 | 20200930062815.0 | ||
| 008 | 110615s1956 dr 000 | spa d | ||
| 040 |
_aDO-SdBNP _bspa _cBNPHU |
||
| 082 |
_axxxx _bP123m |
||
| 100 | 1 |
_aPadilla B., Juan E. _949533 |
|
| 245 | 1 | 0 |
_aMensaje al hombre bueno del mundo / _cJuan E. Padilla B. |
| 260 |
_aCiudad Trujillo, República Dominicana : _bMontalvo, _c1956. |
||
| 300 |
_a178 p. ; _c15 cm. |
||
| 590 | _aInventariado, 2019/VM | ||
| 999 |
_c30747 _d30747 |
||